000 01014nam a2200301 i 4500
003 EG-GICUC
005 20260427100440.0
008 260427s1908 fr adaafr|||| 001 0 fre d
040 _aEG-GiCUC
_bfre
_cEG-GiCUC
_dEG-GiCUC
_eRda
041 0 _afre
082 0 4 _221
_a343.9
_bAN.
092 0 4 _221
099 _aLAW1 10 343.9 AN. 1 ed - 1908
110 _aÉgypte,
_bGouvernement Égyptien.
245 _aAnnuaire du Ministère de la Justice:
_bpour l'année 1908 /
_cGouvernement Égyptien.
264 _a Le Caire :
_b Imprimerie Nationale,
_c1908.
300 _a231 page :
_billustration ;
_c 24 cm.
336 _2rda contenu
_a texte
337 _2rda medias
_aOrdinateur
338 _2 transporteur rda
_a Ressource en ligne
504 _aComprend des références bibliographiques et un index.
546 _aTexte en français
650 1 4 _aDroit pénal.
_2qrmak
651 1 _2qrmak
856 4 0 _uhttps://fll.law.cu.edu.eg/fulltext/bks/B10-11966.pdf
905 _a171
942 _2ddc
_cBK
_e21
_n0
999 _c73589
_d73589